000 007940000a22002650004500
090 _aSERIADAS
100 1 _aMancera Rodríguez, Néstor
_9100755
700 1 _aAlvarez León, Ricardo
_91884
245 1 0 _aComercio de peces ornamentales en Colombia
044 _aColombia
041 0 _aEspañol
690 _aPeces ornamentales
_9100756
690 _aComercio legal
_9100757
690 _aComercio ilegal de especies
_94724
690 _aComercio internacional
_94456
690 _aExportación
_9100758
653 _eParacheirodon axelrodi
653 _eCorydoras
653 _eOtocinclus
653 _eParacheirodon innesi
653 _eHemigrammus astrongi
653 _eHemigrammus rhodostomus
942 _cARTICULO
773 1 _tActa Biológica Colombiana
_h1
_q23-52
_d2008
_g13
999 _c16404
_d16404